| 000 | 00537nam a22001817a 4500 | ||
|---|---|---|---|
| 999 |
_c8635 _d8635 |
||
| 003 | AR-CdUCM | ||
| 008 | 190325b ||||| |||| 00| 0 spa d | ||
| 040 |
_aMUNICIPALIDAD PROVINCIAL DEL CUSCO _cBIBLIOTECA MUNICIPAL DEL CUSCO |
||
| 082 |
_a869.56 / _bP36 |
||
| 100 |
_aPérez Ocampo, Gustavo _960 |
||
| 245 | _aEl tiempo y sus laberintos / | ||
| 260 |
_aCusco : _bEdiciones Garcilaso, _c1975. |
||
| 300 |
_a46 páginas ; _c30 cm. |
||
| 650 |
_aPoesía cusqueña _92323 |
||
| 650 |
_aSiglo XX _98 |
||
| 942 |
_2ddc _cLIBROS |
||
| 945 | _araen | ||